000 00613nam a2200169 4500
008 160926b xxu||||| |||| 00| 0 eng d
020 _a0028055926
082 _22000
_aDC 652.55369
_bH58w
100 _915267
_aHinkle, Deborah
245 _aWord 2000:
_ba professional approach/
_cDeborah Hinkle.
260 _aNew York, New York:
_bGlencoe/McGraw-Hill,
_cc2000.
300 _axvi, 544 pages+various paging:
_bcolor illustrations;
_c26 cm.
500 _aIncludes appendices, glossary and index.
650 0 _915268
_aMicrosoft Word 2000(Computer programs)
650 0 _915269
_aWord processing
942 _2ddc
_cDC
999 _c4839
_d4839